Rozpoznaj piłkarza po karierze- Ekstraklasa - Statystyki

Ogólne statystyki
  • Ten quiz został rozwiązany 505 razy
  • Średni wynik to 6 z 12
Statystyki odpowiedzi
Przebieg kariery Zawodnik % Poprawnych
2011-2015 Wisła Płock (M-110 G-5 A-7)2015-2017 Jagiellonia (M-64 G-3 A-5) 2017-2020 Ludogorets (M-93 G-0 A-1) 2020-2022 Kairat Almaty (M-37 G-0 A-0) 2022-2023 VfL Bochum (M-4 G-0 A-0) 2023- Wieczysta Kraków (M-22 G-1 A-4) Jacek Góralski
94%
2012-2016 Cracovia (M-65 G-8 A-12)
2016-2020 Leicester City (M-3 G-0 A-0)
2017-2018 SC Freiburg (wypożyczenie) (M-9 G-1 A-0)
2018-2019 OH Leuven (wypożyczenie) (M-21 G-3 A-0)
2020- Legia Warszawa (M-96 G-9 A-10)
Bartosz Kapustka
91%
2004-2009 Wisła Płock (M-80 G-9 A-12)2006-2007 Zagłębie Sosnowiec(Wypożyczenie) (BRAK DANYCH) 2009-2011 Polonia Warszawa (M-85 G-13 A-12) 2011-2014 Trabzonspor (M-115 G-20 A-29) 2014-2016 Al-Nassr (M-68 G-26 A-19) 2016-2017 Sharjah FC (M-18 G-3 A-6) 2017-2018 Sydney FC (M-32 G-14 A-12) 2018-2019 CC Yatai (M-19 G-3 A-8) 2019-2022 Chongqing Liangjiang (M-39 G-10 A-14) 2020 Guangzhou City(Wypożyczenie) (M-6 G-2 A-4) 2021 Shanghai Shenhua(Wypożyczenie) (M-20 G-5 A-3) 2022-2024 Henan FC (M-52 G-9 A-17) 2024 Koniec Kariery Adrian Mierzejewski
87%
2011-2016 Lleida Esportiu (M-98 G-26 A-5)2016-2017 UCAM Murcia (M-16 G-6 A-0) 2017 Cadiz CF (M-6 G-1 A-0) 2017-2019 Wisła Kraków (M-49 G-14 A-7) 2019- Jagiellonia (M-165 G-67 A-21) Jesus Imaz
86%
2010-2012 Assyriska FF (M-47 G-13 A-6)2012-2013 Köln (M-19 G-0 A-0) 2013 FC St. Gallen (wypożyczenie) (M-13 G-3 A-2) 2013-2014 Parma (M-0 G-0 A-0) 2013-2014 Crotone (wypożyczenie) (M-24 G-4 A-1) 2014-2017 Randers FC (M-78 G-34 A-5) 2017-2020 1.FC Nürnberg (M-84 G-20 A-12) 2020- Lech Poznań (M-136 G-68 A-20) Mikael Ishak
85%
2016-2019 Las Palmas (M-11 G-1 A-0)2018-2019 Cordoba (wypożyczenie) (M-10 G-0 A-0) 2019-2024 Śląsk Wrocław (M-164 G-58 A-24) 2024- Al Ahli Doha Erik Expósito
84%
2007-2008 Anderlecht (M-5 G-1 A-0)2008-2009 HSV (M-3 G-0 A-0) 2009-2014 Club Brugge (M-231 G-26 A-28) 2014-2016 Norwich City (M-19 G-0 A-2) 2015 Rotherham (wypożyczenie) (M-4 G-1 A-0) 2016-2017 Legia Warszawa (M-42 G-5 A-14) 2017-2018 Olympiakos (M-28 G-4 A-3) 2018-2023 KAA Gent (M-204 G-20 A-37) 2023- Hajduk Split (M-28 G-0 A-2) Vadis Odjidja-Ofoe
82%
2010-2013 Jagiellonia (M-8 G-0 A-1)2011 GKS Katowice (wypożyczenie) (M-8 G-0 A-0) 2012 Jarota Jarocin (wypożyczenie) (BRAK DANYCH) 2012 Warta Poznań (wypożyczenie) (M-20 G-5 A-2) 2013- 2014 Widzew Łódź (M-17 G-4 A-2) 2013-2014 Malaga (wypożyczenie) (M-8 G-1 A-0) 2014-2017 Lechia Gdańsk (M-21 G-2 A-0) 2015 Zawisza Bydgoszcz (wypożyczenie) (M-15 G-0 A-1) 2015-2016 Korona Kielce (wypożyczenie) (M-27 G-5 A-1) 2017-2019 Zagłębie Lubin (M-68 G-12 A-13) 2019-2020 Gaziantep FK (M-21 G-4 A-3) 2020-2022 Śląsk Wrocław (M-38 G-3 A-2) 2022- Widzew (M-72 G-25 A-11) Bartłomiej Pawłowski
80%
2018-2021 FK Tirana (M-64 G-20 A-5)
2021-2024 Legia Warszawa (M-114 G-21 A-10)
2024- Besiktas (M-12 G-3 A-0)
Ernest Muci
79%
2014-2015 Flota Świnoujście (M-28 G-3 A-1)2014-2018 Wisła Płock (M-94 G-19 A-10) 2019-2022 Atalanta (M-5 G-0 A-0) 2019-2020 SPAL (wypożyczenie) (M-26 G-0 A-3) 2020-2021 Crotone (wypożyczenie) (M-31 G-2 A-7) 2021- Spezia (M-73 G-5 A-6) Arkadiusz Reca
78%
2013-2017 Ruch Chorzów (M-50 G-1 A-0)2017-2020 Cracovia (M-101 G-11 A-6) 2020-2022 Barnsley (M-89 G-7 A-3) 2022- Huddersfield (M-79 G-11 A-2) Michał Helik
78%
2016-2023 Pogoń Szczecin (M-189 G-19 A-21)2023- Houston Dynamo (M-33 G-4 A-1) Sebastian Kowalczyk
78%
2020-2022 Legia Warszawa (M-16 G-1 A-0)2022-2023 Górnik Zabrze (M-32 G-9 A-1) 2023- Sturm Graz (M-40 G-9 A-2) Szymon Wlodarczyk
78%
2005-2008 FK Zeljeznicar Sarajevo (M-3 G-0 A-0)2008-2012 Lech Poznań (M-156 G-28 A-47) 2012-2013 Karpaty Lwów (M-24 G-3 A-4) 2013-2014 Gaziantepspor (M-8 G-4 A-1) 2014-2015 Wisła Kraków (M-52 G-16 A-17) 2015-2016 APOEL Nikozja (M-23 G-4 A-01) 2016-2017 Bez klubu 2017 Wisła Kraków (M-14 G-1 A-2) 2017-2019 Wisła Płock (M-42 G-6 A-10) 2019- FK Zeljeznicar Sarajevo (M-117 G-30 A-30) Semir Stilic
77%
2004-2006 Pogoń Szczecin (M-44 G-3 A-0)2006 Widzew Łódź (wypożyczenie) (M-0 G-0 A-0) 2006-2007 KSZO Ostrowiec (Brak danych) 2007-2008 ŁKS Łódź (M-9 G-0 A-0) 2008-2009 Lechia Gdańsk (M-33 G-3 A-2) 2009-2012 Polonia Warszawa (M-105 G-7 A-8) 2012-2019 Lech Poznań (M-274 G-17 A-15) 2019-2022 Warta Poznań (M-93 G-6 A-13) 2022 Koniec kariery Łukasz Trałka
75%
2012-2014 MFK Kosice (M-38 G-6 A-3)
2014-2016 Legia Warszawa (M-99 G-15 A-19)
2016-2020 Hertha Berlin (M-71 G-13 A-9)
2020 Norwich (wypożyczenie) (M-12 G-0 A-0)
2020-2023 FC Koln (M-88 G-11 A-9) 2023- Hellas Verona (M-48 G-1 A-4)
Ondrej Duda
75%
2011-2015 Ruch Chorzów (M-120 G-24 A-31)2015-2016 KSC Lokeren (M-10 G-1 A-2) 2016-2023 Zagłębie Lubin (M-234 G-56 A-53) 2023- Ruch Chorzów (M-25 G-0 A-1) Filip Starzyński
73%
2012-2016 Wisła Puławy (M-67 G-24 A-7)2016-2020 Legia Warszawa (M-60 G-29 A-6) 2016-2017 Ruch Chorzów (wypożyczenie) (M-28 G-10 A-4) 2020-2024 Portland (M-94 G-23 A-8) 2024- Bez klubu Jarosław Niezgoda
72%
2010-2013 Polonia Warszawa (M-32 G-10 A-7)2013-2014 Lech Poznań (M-58 G-28 A-13) 2014-2016 Dynamo Kijów (M-42 G-16 A-2) 2016-2018 Anderlecht (M-93 G-45 A-9) 2018-2022 Udinese (M-32 G-1 A-1) 2020-2021 R Charleroi SC(Wypożyczenie) (M-17 G-1 A-0) 2022 LR Vicenza (M-14 G-1 A-3) 2022 Koniec kariery Łukasz Teodorczyk
70%
2011-2018 Górnik Zabrze (M-118 G-10 A-37)2012-2013 ROW Rybnik (wypożyczenie) (M-50 G-5 A-11) 2018-2020 Amiens (M-14 G-1 A-0) 2019 FC Midtjylland (wypożyczenie) (M-9 G-1 A-2) 2020 Esbjerg fB (wypożyczenie) (M-13 G-2 A-4) 2021- Pogoń Szczecin (M-87 G-4 A-4) Rafał Kurzawa
70%
2014-2019 Piast Gliwice (M-71 G-5 A-2)2019-2022 Lazio (M-0 G-0 A-0) 2019-2021 Salernitana (wypożyczenie) (M-36 G-1 A-2) 2022- Piast Gliwice (M-60 G-13 A-2) Patryk Dziczek
69%
2017-2021 Lechia Gdańsk (M-102 G-4 A-9)2017-2018 Chojniczanka (wypożyczenie) (M-15 G-0 A-0) 2021- Strasbourg (M-19 G-0 A-0) 2023 Zulte Waregem (wypożyczenie) (M-13 G-1 A-0) Karol Fila
65%
2010-2011 Borac Cacak (M-33 G-0 A-1)2011-2013 Crvena Zvezda (M-60 G-3 A-2) 2014-2016 BATE Borysów (M-78 G-7 A-13) 2016-2017 FC Koln (M-16 G-0 A-2) 2017-2018 Standard Liege (M-5 G-0 A-0) 2018-2020 Lechia Gdańsk (M-86 G-3 A-16) 2020-2023 Legia Warszawa (M-102 G-15 A-22) 2023- Panathinaikos (M-44 G-2 A-5) Filip Mladenovic
64%
2008-2011 GKS Bełchatów (M-68 G-3 A-7)2011-2013 Legia Warszawa (M-87 G-8 A-9) 2013-2018 Amkar Perm (M-139 G-11 A-11) 2018-2020 Cracovia (M-62 G-1 A-5) 2020-2021 Dinamo Bukareszt (M-27 G-0 A-3) 2021-2022 Górnik Łęczna (M-32 G-4 A-2) 2022- Arka Gdynia (M-55 G-4 A-7) Janusz Gol
64%
2015-2022 FC Basel (M-83 G-5 A-12)2019 Neuchâtel Xamax (wypożyczenie) (M-17 G-2 A-1) 2022-2023 Greuther Furth (M-21 G-1 A-0) 2023- Jagiellonia Białystok (M-30 G-11 A-4) Afimico Pululu
63%
2019-2021 Legia Warszawa (M-2 G-0 A-0)2021- Piast Gliwice (M-92 G-4 A-3) Ariel Mosór
63%
2018-2020 Wolfsburg (M-3 G-0 A-0)2019-2020 VVV Venlo (wypożyczenie) (M-18 G-1 A-1) 2020-2022 Willem II (M-20 G-1 A-0) 2021 Almere City (wypożyczenie) (M-18 G-4 A-1) 2022 MSV Duisburg (wypożyczenie) (M-20 G-2 A-5) 2022-2023 Śląsk Wrocław (M-36 G-13 A-2) 2023- Raków Częstochowa (M-43 G-4 A-6) John Yeboah
63%
2003-2007 Polonia Warszawa (M-25 G-0 A-0)2006 AO Egaleo (wypożyczenie) (M-8 G-0 A-0) 2007-2010 SC Braga (M-18 G-0 A-0) 2009 Vitoria Setúbal (wypożyczenie) (M-10 G-0 A-0) 2010-2012 FC Porto (M-4 G-0 A-0) 2011-2012 Roda JC (wypożyczenie) (M-27 G-0 A-0) 2012-2014 Vitoria Setúbal (M-63 G-0 A-0) 2014-2016 Estoril Praia (M-63 G-0 A-0) 2016-2018 Córdoba CF (M-80 G-0 A-0) 2018-2019 Malaga CF (M-6 G-0 A-0) 2019-2021 Rio Ave (M-74 G-0 A-0) 2021-2022 Wisła Kraków (M-15 G-0 A-0) 2022-2023 Bez klubu 2023- Leira (M-42 G-0 A-0) Paweł Kieszek
59%
2013-2017 NK Osijek (M-47 G-0 A-4)2013-2014 Segesta Sisak(Wypożyczenie) (M-19 G-0 A-0) 2014-2015 NK Sesvete(Wypożyczenie) (M-20 G-2 A-0) 2017-2019 Wisła Kraków (M-46 G-3 A-6) 2019-2021 Jagiellonia (M-47 G-0 A-2) 2020-2021 HNK Rijeka(Wypożyczenie) (M-10 G-0 A-1) 2021- Raków Częstochowa (M-111 G-2 A-2) Zoran Arsenic
56%
2002 Sparta Oborniki brak danych2002-2003 Sparta Brodnica brak danych 2003-2004 Błękitni Stargard brak danych 2004-2005 Świt Nowy Dwór Mazowiecki (M-3 G-0 A-0) 2005-2007 Widzew Łódź (M-23 G-0 A-3) 2007-2014 Legia Warszawa (M-174 G-11 A-23) 2009 Panathinaikos (wypożyczenie) (M-13 G-0 A-1) 2014-2015 Amkar Perm (M-15 G-1 A-0) 2015-2018 Lechia Gdańsk (M-102 G-0 A-11) 2018-2019 GKS Katowice (M-21 G-1 A-0) 2019 Koniec Kariery Jakub Wawrzyniak
55%
2014-2018 Hradec Kralove (M-106 G-16 A-11)2018-2021 Raków Częstochowa (M-103 G-15 A-11) 2021- Śląsk Wrocław (M-95 G-8 A-9) Petr Schwarz
55%
2016-2021 ŁKS Łódź (M-94 G-6 A-1)2018 Gryf Wejcherowo(Wypożyczenie) (M-13 G-1 A-1)
2021-2024 Charlotte FC (M-28 G-0 A-0) 2024- PAS Giannina (M-6 G-1 A-0)
Jan Sobocinski
54%
2009-2012 Raków Częstochowa (M-0 G-0 A-0)2012-2015 Jagiellonia (M-108 G-23 A-14) 2015-2019 Lech Poznań (M-151 G-18 A-10) 2019-2023 Lechia Gdańsk (M-135 G-18 A-8) 2023- Persija (M-28 G-5 A-7) Maciej Gajos
54%
2011-2015 Zawisza Bydgoszcz (M-94 G-20 A-13)2015-2017 Legia Warszawa (M-34 G-1 A-0) 2016-2017 Piast Gliwice(Wypożyczenie) (M-33 G-1 A-1) 2017-2020 HNK Gorica (M-58 G-5 A-3) 2020-2021 Bez klubu 2021-2023 Zagłębie Sosnowiec (M-39 G-3 A-0) 2023-2024 Gwardia Koszalin (BRAK DANYCH) 2024- Mazovia Mińsk Mazowiecki (BRAK DANYCH) Michał Masłowski
54%
2019- Legia Warszawa (M-129 G-17 A-12)2021 Arka Gdynia (wypożyczenie) (M-37 G-12 A-4) Maciej Rosołek
51%
2019-2024 Legia Warszawa (M-6 G-0 A-0)2024- Śląsk Wrocław (M-0 G-0 A-0) Filip Rejczyk
47%
2003-2006 Hwange FC (brak danych)2006-2007 Monomotapa (brak danych) 2007 Dyskobolia Grodzisk Wielkopolski (wypożyczenie) (M-15 G-4 A-0) 2007-2011 Legia Warszawa (M-85 G-38 A-12) 2011-2012 Bez klubu 2012 Dynamos FC (M-3 G-3 A-0) 2012-2013 Orlando Pirates (M-16 G-3 A-2) 2013-2014 Platinium Stars (M-6 G-0 A-0) 2014-2015 Bez klubu 2015-2016 Dynamos FC (brak danych) 2016-2017 LZS Piotrówka (brak danych) 2017-2018 FC Platinium (brak danych) 2018 Koniec Kariery 2023- Batory Wola Batorska (brak danych) Takesure Chinyama
47%
2014-2019 Heerenveen (M-103 G-11 A-10)2015-2016 Almere City(Wypożyczenie) (M-35 G-9 A-4) 2019-2022 Cracovia (M-110 G-27 A-11) 2022-2023 Bez klubu 2023- Heerenveen (M-56 G-17 A-2) Pelle van Amersfoort
46%
2010-2019 Lechia Gdańsk (M-185 G-4 A-8)2017-2019 Lech Poznań (wypożyczenie) (M-53 G-0 A-2) 2019-2021 Wisła Kraków (M-40 G-1 A-0) 2021 Podbeskidzie (M-13 G-3 A-0) 2021- Górnik Zabrze (M-85 G-4 A-1) Rafał Janicki
45%
2016-2023 Cracovia (M-93 G-6 A-8)2019 Chrobry Głogów (wypożyczenie) (M-12 G-1 A-0) 2023- Raków Częstochowa (M-4 G-0 A-0) Kamil Pestka
43%
2010-2012 Lech Poznań (M-0 G-0 A-0)2012-2015 Pogoń Szczecin (M-98 G-2 A-2) 2015-2018 NEC Nijmegen (M-106 G-6 A-4) 2018-2022 Śląsk Wrocław (M-104 G-4 A-8) 2022- Puskás Akadémia FC (M-43 G-3 A-2) Wojciech Golla
42%
2009-2013 Heart of Midlothian FC (M-79 G-7 A-7)2011 St. Johnstone (wypożyczenie) (M-6 G-0 A-0) 2013-2015 Erzgebirge Aue (M-44 G-5 A-5) 2015-2017 VfL Bochum (M-20 G-0 A-1) 2017-2019 Jagiellonia (M-94 G-22 A-18) 2019-2020 Legia Warszawa (M-24 G-4 A-5) 2020-2022 BB Erzurumspor (M-63 G-13 A-10) 2022-2023 Samsunspor (M-8 G-0 A-1) 2023 Hapoel Haifa (M-6 G-0 A-1) 2023-2024 Zalgiris Wilno (M-13 G-3 A-2) 2024- Tuzlaspor (M-9 G-0 A-0) Arvydas Novikovas
40%
2018-2020 Polonia Bytom (M-12 G-2 A-0)2020-2024 Pogoń Szczecin (M-63 G-4 A-5) 2023 Bruk-Bet Termalica Nieciecza (wypożyczenie) (M-14 G-0 A-2) 2024- Korona Kielce (M-12 G-0 A-0) Mariusz Fornalczyk
38%
2009-2012 RC Lens (M-19 G-1 A-0)2010-2011 US Créteil-Lusitanos(Wypożyczenie) (M-23 G-1 A-0) 2012-2015 Dijon (M-62 G-6 A-2) 2015-2018 Montpellier (M-48 G-0 A-2) 2018-2021 Legia Warszawa (M-52 G-3 A-3) 2021-2022 Bez klubu 2022-2023 RE Virton (M-26 G-0 A-2) 2023-2024 Bez klubu 2024 Zagłębie Sosnowiec (M-13 G-0 A-0) 2024- Bez klubu William Rémy
38%
2000-2004 Kyoto Sanga (M-143 G-18 A-0)2004-2008 Le Mans FC (M-130 G-17 A-18) 2008-2009 Saint-Étienne (M-27 G-1 A-2) 2009-2011 Grenoble (M-48 G-6 A-6) 2010 Tom Tomsk (wypożyczenie) (M-7 G-0 A-0) 2011-2012 Dijon (M-3 G-0 A-0) 2012-2013 Slavia Sofia (M-13 G-0 A-0) 2013-2014 Lechia Gdańsk (M-18 G-4 A-2) 2014-2017 Júbilo Iwata (M-99 G-10 A-8) 2017-2018 Odra Opole (M-4 G-0 A-0) 2018-2020 Yokohama FC (M-39 G-3 A-1) 2020-2021 Sai Gon FC (M-7 G-0 A-0) 2021-2022 Pauzuje 2022- Yokohama SCC (M-26 G-3 A-1) Daisuke Matsui
29%
1998-2006 Górnik Łęczna (M-54 G-2 A-2)2000-2001 Lewart Lewartów (wypożyczenie) brak danych 2006-2007 Legia Warszawa (M-34 G-0 A-4) 2007-2009 Crvena Zvezda (M-20 G-0 A-0) 2009-2010 Górnik Łęczna (M-13 G-0 A-1) 2010-2011 Ruch Chorzów (M-11 G-0 A-1) 2011-2013 Bez klubu 2013-2014 Motor Lublin (M-20 G-2 A-0) 2014-2016 Bez klubu 2016 JKS Jarosław brak danych 2016-2019 Bez klubu 2019 Tur Milejów brak danych 2019 Koniec Kariery Grzegorz Bronowicki
28%
2011-2015 NK Celje (M-126 G-36 A-23)2011,2012 Sempion Celje (wypożyczenie) (M-6 G-0 A-0) 2015-2018 FC Kopenhaga (M-99 G-22 A-15) 2018-2022 Dynamo Kijów (M-121 G-37 A-12) 2022 Legia Warszawa (wypożyczenie) (M-8 G-0 A-0) 2022- Panathinaikos (M-57 G-7 A-2) Benjamin Verbic
27%
1990-1994 Siarka Tarnobrzeg Brak danych1994-1995 FC Arau (M-49 G-18 A-0) 1995-1997 Legia Warszawa (M-69 G-33 A-0) 1997-1998 Sporting Gijon (M-12 G-2 A-0) 1998-1999 Legia Warszawa (M-21 G-2 A-0) 1999-2000 Stomil Olsztyn (M-26 G-8 A-0) 2000-2003 Legia Warszawa (M-87 G-32 A-0) 2003-2004 Iraklis (M-19 G-4 A-0) 2004-2006 Górnik Łęczna (M-24 G-4 A-9) 2006 Legia Warszawa (M-10 G-1 A-0) 2006 Koniec Kariery Cezary Kucharski
26%
1995-1998 ŁKS Łódź (M-97 G-20 A-0)1998-2001 AJ Auxerre (M-68 G-5 A-1) 2001-2003 1.FC Kaiserslautern (M-58 G-5 A-1) 2003-2004 1.FC Koln (M-7 G-0 A-0) 2004-2006 Wisła Kraków (M-76 G-5 A-4) 2006-2008 ŁKS Łódź (M-39 G-2 A-0) 2008 Koniec kariery Tomasz Kłos
26%
2021- Piast Gliwice (M-26 G-1 A-3)2024 Zagłębie Sosnowiec (wypożyczenie) (M-6 G-0 A-0) Gabriel Kirejczyk
25%
-2009 Promień Opalenica (M-1 G-0 A-0)
2009-2012 Wisła Kraków (M-2 G-0 A-0)
2012-2014 Roda JC (M-74 G-0 A-0)
2014-2015 FC Dordrecht (M-34 G-0 A-0)
2015-2017 Excelsior (M-5 G-0 A-0)
2017-2018 Roda JC (M-0 G-0 A-0)
2018-2019 Wellington (M-26 G-0 A-0)
2019- 2021 Western United (M-36 G-0 A-0) 2021- Macarthur (M-85 G-0 A-0)
Filip Kurto
22%
1979-1985 Orzeł Wierzbica brak danych1985-1992 Igloopol Dębica brak danych 1992-2005 Legia Warszawa (M-265 G-7 A-2) 2005 Koniec kariery Jacek Zieliński
22%
2012-2015 Vitoria Guimarães (M-47 G-0 A-5)2016-2019 Panetolikos (M-57 G-2 A-2) 2019-2021 Legia Warszawa (M-37 G-0 A-2) 2021-2022 Cracovia (M-26 G-0 A-1) 2022-2023 PAE Chania (M-24 G-2 A-0) 2023-2024 Tondela (M-18 G-1 A-2) 2024- Bez klubu Luis Rocha
20%
2007-2015 Vélez Sarsfield (M-212 G-7 A-13)2010-2011 Legia Warszawa (Wypożyczenie) (M-28 G-3 A-2) 2015 Bez klubu 2015-2022 Cruzeiro (M-159 G-1 A-7) 2020-2021 Goias (Wypożyczenie) (M-20 G-0 A-1) 2022 Bez klubu 2022-2023 Racing Club (M-26 G-1 A-0) 2023- Bez klubu Ariel Cabral
19%
2009-2011 JFK Ventspils (M-88 G-27 A-11)2012-2013 Szachtior Karaganda (M-27 G-5 A-1) 2013-2014 Widzew Łódź (M-41 G-14 A-4) 2014-2015 Ruch Chorzów (M-35 G-7 A-1) 2015-2017 KVC Westerlo (M-18 G-4 A-1) 2016-2017 Ruch Chorzów (wypożyczenie) (M-15 G-1 A-2) 2017-2019 RFS (M-12 G-9 A-0) 2019-2021 Shakhter Soligorsk (M-6 G-0 A-0) 2020 Spartaks Jurmala (wypożyczenie) (M-9 G-0 A-0) 2021 CSM Resita (M-12 G-2 A-0) 2021-2022 Pogoń Siedlce (M-14 G-0 A-0) 2022 GKS Wikielec (M-16 G-2 A-1) 2022-2024 Super Nova (M-48 G-4 A-2) 2024- Bez klubu Eduards Visnakovs
19%
2019-2022 Chievo Verona (M-0 G-0 A-0)2021 Sirius (wypożyczenie) (M-24 G-0 A-1) 2022- Wisła Kraków (M-63 G-0 A-0) Joseph Colley
19%
2018- Cracovia (M-100 G-16 A-8)2020-2021 Puszcza Niepołomice (M-30 G-0 A-6) Michał Rakoczy
18%
2008-2012 GKS Katowice (M-87 G-6 A-1)2012-2013 Polonia Warszawa (M-23 G-1 A-0) 2013-2016 Śląsk Wrocław (M-103 G-8 A-6) 2016-2017 Arminia Bielefeld (M-9 G-0 A-1) 2017-2019 Pogoń Szczecin (M-33 G-1 A-2) 2019-2020 Zagłębie Sosnowiec (M-26 G-0 A-2) 2020-2021 KKS Kalisz (M-31 G-3 A-1) 2021-2022 Bez klubu 2022-2023 Sparta Katowice (BRAK DANYCH) 2023- Bez klubu Tomasz Hołota
18%
2013-2015 Pogoń Szczecin (M-7 G-0 A-0)2015-2017 Ruch Chorzów (M-45 G-5 A-1) 2017-2021 Górnik Zabrze (M-78 G-6 A-7) 2021-2022 Korona Kielce (M-28 G-2 A-0) 2022- Puszcza Niepołomice (M-44 G-4 A-3) Michał Koj
17%
1995-1997 Siarka Tarnobrzeg (M-35 G-0 A-0)1997-1999 Raków Częstochowa (M-47 G-1 A-0)
1999-2000 Widzew Łódź (M-23 G-2 A-0) 2000-2001 Polonia Warszawa (M-37 G-8 A-0) 2001-2013 Legia Warszawa (M-292 G-17 A-31) 2013 Koniec kariery
Tomasz Kiełbowicz
17%
2021-2024 Zagłębie Lubin (M-9 G-0 A-0)2024- Lechia Gdańsk (M-0 G-0 A-0) Szymon Weirauch
16%
2000-2013 Sigma Olomuniec (M-171 G-39 A-12)2004 SFC Opava (wypożyczenie) (M-11 G-2 A-0) 2011-2012 Legia Warszawa (wypożyczenie) (M-22 G-2 A-1) 2013-2015 Jablonec (M-44 G-16 A-6) 2015 Koniec kariery Michal Hubnik
14%
2000-2004 Pobeda Prilep (M-10 G-0 A-0)2004-2008 Dyskobolia Grodzisk Wielkopolski (M-66 G-3 A-0) 2004-2005 Obra Kościan brak danych 2008-2011 Legia Warszawa (M-23 G-1 A-1) 2011-2012 Rabotnicki (M-27 G-2 A-1) 2012 Koniec Kariery Pance Kumbev
8%
1968-1978 Stal Mielec brak danych1978-1979 Stal Stalowa Wola brak danych 1979-1980 Wisłoka Dębica brak danych 1980 Koniec kariery Włodzimierz Gąsior
3%
Nie znaleziono quizów pasujących do podanych kryteriów
Rozkład punktacji
Procent ludzi z każdym wynikiem
Percentyl według liczby udzielonych odpowiedzi
Twoja historia wyników
Nie rozwiązałeś tego quizu